00517nam a22001457a 450000500170000000800410001702000150005804100130007308200150008610000550010124501110015626000470026730000320031465000250034620231115141301.0231115b |||||||| |||| 00| 0 eng d a0702122351 aEnglish  a344.1 CAM aCameron, E ; Cheadle, H and Thompson, C lEnglish  aThe New Labour Relations Act : bthe law after the 1988 amendments /cE Cameron, H Cheadle and C Thompson  aCape Town : bJuta and Company Ltd, c1989 bxx, 305 pages ; c25,3 cm.  aLegal practice bLaw